| 000 | 00669cab a2200217 4500 | ||
|---|---|---|---|
| 001 | ABS46015 | ||
| 008 | 090401t1992 xxu||||| |||| 00| 0 eng d | ||
| 035 | _a(Sirsi) u56363 | ||
| 041 | _aeng | ||
| 100 | _aKenny, J. | ||
| 245 | _aNew blood in old Heartlands | ||
| 260 | _c1992 | ||
| 350 | _a0 | ||
| 490 |
_aConstruction News _v(6251) 13 February 1992, 15(1) |
||
| 520 | _aReports on the transition of Birmingham Heartlands Ltd, a joint venture between the public and private sector, into an urban development corporation (UDC). | ||
| 650 | _aBIRMINGHAM HEARTLANDS | ||
| 650 | _aINNER CITIES | ||
| 690 | _aURBAN RENEWAL | ||
| 942 | _n0 | ||
| 948 | _c04/03/1997 | ||
| 999 |
_c34370 _d34370 |
||